Cate Blanchett Movies - Statistics

General Stats
  • This quiz has been taken 38 times
  • The average score is 7 of 17
Answer Stats
Release Year Costars Movie % Correct
2004 Leonardo DiCaprio, John C. Reilly The Aviator
72%
2018 Sandra Bullock, Rihanna Ocean's Eight
69%
2013 Alec Baldwin, Sally Hawkuns Blue Jasmine
63%
2021 Leonardo DiCaprio, Jennifer Lawrence Don't Look Up
63%
1999 Matt Damon, Philip Seymour Hoffman The Talented Mr. Ripley
59%
2017 Chris Hemsworth, Tom Hiddleston Thor: Ragnarok
59%
2006 Brad Pitt, Peter Wight Babel
50%
2015 Lily James, Helena Bonham Carter Cinderella
47%
2021 Bradley Cooper, Willem Dafoe Nightmare Alley
47%
2008 Brad Pitt, Mahershala Ali The Curious Case of Benjamin Button
47%
2000 Hilary Swank, Keanu Reeves The Gift
34%
2014 George Clooney, Matt Damon The Monuments Men
25%
2008 Harrison Ford, Karen Allen Indiana Jones and the Kingdom of the Crystal Skull
22%
2006 George Clooney, Tobey Maguire The Good German
19%
2010 Russell Crowe, Oscar Isaac Robin Hood
16%
2001 Elijah Wood, Viggo Mortensen The Lord of the Rings: The Fellowship of the Rings
16%
2018 Christian Bale, Naomie Harris Mowgli: Legend of the Jungle
0%
No matching quizzes found
Score Distribution
Percent of People with Each Score
Percentile by Number Answered
Your Score History
You have not taken this quiz